000 00548nam a2200217Ia 4500
003 OSt
005 20220924132910.0
006 a|||||r|||| 00| 0
007 ta
008 220923b |||||||| |||| 00| 0 urd d
024 _a253505
037 _cTextual
040 _aARTS
_cARTS
_burd
041 _2urd
_aurd
082 _aO168:gxN30, P9
100 _aAli Karamat
_9205282
245 0 _aNaye tanqeedi masayal aur imkanat
260 _c2009
942 _hO168:gxN30, P9
_cTEXL
_2CC
999 _c432005
_d432005